00364nam a22001097a 4500041000800000082001600008100001500024245015700039260002500196300000800221650002500229 aENG a297.07bSIM aSimon Paul aA Study on the Christian Response to the Concept of God in 12th Century Islamic Philosophy with special Reference to Avicenna and Wilfred Cantwell Smith aHyderabadbHMIc2025 a102 aComparative Religion